MDQL
is popping MORE tags! Check the
thread
!
Quizzes
Events
Quiz Creation
Community
Videos
Private Events
Remove Ads
Sign In
Join for FREE
Feedback
Dark Mode
Quiz Categories
Sports
Geography
Music
Movies
Television
Just For Fun
Miscellaneous
History
Literature
Language
Science
Gaming
Entertainment
Religion
Holiday
For Kids
Quiz Lab
Recent
Popular Today
Quiz Kudos Today
Editor Picks
Curator Picks
Quizzes by...
Day
Popularity
Type
Ratings
Length
Year
Community
Subscriptions
Recent Discussions
Orange Saloon
Badges
Playlists
Quests
Create
Leaderboards
Showdown
Live 5
Trivia Bingo
Activity
Puzzle Library
Sporcle Events
Private Events
Virtual Trivia
Globe League
Become a Host
Pub Owners
SporcleCon
Opinionation
Our Games
Videos
Blog
Mobile Apps
Partnerships
Remove Ads and Go Orange
Feedback
Sports
Athletes
MLB
NBA
NHL
NFL
Soccer
Sports Teams
WWE
NCAA
Football
Premier League
Basketball
Baseball
Hockey
Golf
Tennis
Cricket
Rugby
Auto Racing
Olympics
World Cup
Sports
Athletes
MLB
NBA
NHL
NFL
Soccer
Sports Teams
WWE
NCAA
Football
Premier League
Basketball
Baseball
Hockey
Golf
Tennis
Cricket
Rugby
Auto Racing
Olympics
World Cup
Random Quiz
Search Sporcle
×
Quiz Lab
Quiz Lab
Sports
NHL
Type in answers that appear in a list
Type in answers that appear in a list
Classic
Best Score? Go Orange.
NHL 30 Goal Scorers 1989-1990 Stats
Can you name the NHL 30 Goal Scorers for the 1989-1990 season?
By
justin0838
12m
55 Questions
208 Plays
208 Plays
208 Plays
Comments
Comments
Give Quiz Kudos
Give Quiz Kudos
-
- Ratings
hide this ad
Replay
Link that replays current quiz
Next Quiz
Link to next quiz in quiz playlist
You Got
0%
They Got
Avg Score
70%
Avg Friend Score
Upgrade to see
Score Distribution
Jump to the score distribution portion of the page
Score
0/55
Timer
12:00
0
Plays Today
Team
Player
% Correct
Edmonton Oilers
Mark Messier
96.1%
Boston Bruins
Cam Neely
95.7%
Detroit Red Wings
Steve Yzerman
95.2%
New York Islanders
Pat LaFontaine
95.2%
Los Angeles Kings
Wayne Gretzky
95.2%
Pittsburgh Penguins
Mario Lemieux
94.7%
Edmonton Oilers
Jari Kurri
91.3%
St. Louis Blues
Brett Hull
90.8%
Calgary Flames
Joe Nieuwendyk
90.8%
Los Angeles Kings
Luc Robitaille
90.3%
Calgary Flames
Theo Fleury
88.9%
Buffalo Sabres
Pierre Turgeon
87.9%
Edmonton Oilers
Glenn Anderson
87%
New Jersey Devils
Sylvain Turgeon
87%
Minnesota North Stars
Brian Bellows
86.5%
Buffalo Sabres
Dave Andreychuk
86.5%
North Stars/
Rangers
Mike Gartner
85.5%
Montreal Canadiens
Stephane Richer
85%
Kings/
Rangers
Bernie Nicholls
85%
Chicago Blackhawks
Steve Larmer
84.5%
Quebec Nordiques
Joe Sakic
84.1%
Calgary Flames
Joe Mullen
84.1%
New Jersey Devils
John MacLean
83.1%
Calgary Flames
Gary Roberts
81.6%
Hartford Whalers
Pat Verbeek
81.2%
Hartford Whalers
Ron Francis
81.2%
Toronto Maple Leafs
Gary Leeman
75.4%
Washington Capitals
Dino Ciccarelli
75.4%
Team
Player
% Correct
Toronto Maple Leafs
Vincent Damphousse
74.9%
Pittsburgh Penguins
Mark Recchi
74.9%
Pittsburgh Penguins
Rob Brown
72.9%
Rangers/
Kings
Tomas Sandstrom
72.9%
New Jersey Devils
'Kirk Muller
72.9%
St. Louis Blues
Paul MacLean
72.5%
Red Wings/
Oilers
Petr Klima
69.6%
Philadelphia Flyers
Rick Tocchet
66.7%
New Jersey Devils
Brendan Shanahan
65.7%
Chicago Blackhawks
Steve Thomas
62.8%
Washington Capitals
Geoff Courtnall
61.8%
Edmonton Oilers
Esa Tikkanen
61.4%
New York Islanders
Brent Sutter
60.9%
Detroit Red Wings
Gerard Gallant
60.4%
Pittsburgh Penguins
John Cullen
59.9%
Toronto Maple Leafs
Ed Olczyk
59.9%
Minnesota North Stars
Dave Gagner
57.5%
New York Rangers
John Ogrodnick
56%
Washington Capitals
Mike Ridley
55.1%
Montreal Canadiens
Shayne Corson
40.1%
Los Angeles Kings
John Tonelli
34.8%
Vancouver Canucks
Greg Adams
34.8%
Toronto Maple Leafs
Daniel Marois
30%
New York Rangers
Darren Turcotte
24.6%
Winnipeg Jets
Pat Elynuik
23.7%
Chicago Blackhawks
Adam Creighton
17.9%
Winnipeg Jets
Paul Fenton
14.5%
Quiz Playlist
Details
Report
Send in Message
Add To Playlist
Classic:
Type in answers that appear in a list
Quiz Source
Last Updated: Feb 16, 2017
Quiz Scoreboard
CHALLENGE
Sign Up to Join the Scoreboard
Show All
Scores
Hide
Comments
May contain spoilers
Recently Published
Image Sorting: Flags VI
by Barbecue
Geography
2m
Find the 'City' Movie
by crazypaving
Movies
60s
Colored Red Africa Blitz
by spor1
Geography
45s
More to Explore
Quiz From the Vault
Featured Blog Post
14 Easter Pick-up Lines to Find Eggs With
hide this ad
You Might Also Like...
Tags
NHL Quiz
1990s
goal
Goal Scorers
Player
Scorer
season
team
Today's Top Quizzes in Sports
Browse Sports
hide this ad
Today's Top Quizzes in NHL
Browse NHL
Top Contributed Quizzes in Sports
1
Les meilleurs buteurs des matchs entre le PSG et l’OM
2
Les entraîneurs de l'OM et du PSG au 21e siècle
3
Les joueurs passés par le PSG et l'OM
4
2022 World Cup Stars
5
Players with Multiple 50 Home Run Seasons
6
Criteria MLB: Left Handed Sluggers
7
Les joueurs passés par le LOSC et le RC Lens
8
NBA Logic Puzzle 2.0
9
MLB Players with Two .350 Batting Average Seasons
10
FIFA Club World Cup Champions
Explore More
Trending Topics
Harry Potter
Disney
Kpop
Crossword
Anime
NBA
Marvel
WWE
The Office
NFL
Soccer
Puzzle
Song
Pokémon
Country
hide this ad
More By:
justin0838
Quiz
Plays
Rating
Category
Featured
Created
NBA Teams' Last Rookie of the Year
82,731
4.69
Sports
Feb 22, 2016
NHL Scoring Leaders 2015-2016
23,731
4.48
Sports
Apr 10, 2016
NHL Point Leaders by Team (2015-16)
21,283
4.41
Sports
Apr 10, 2016
NHL Playoff Hat Tricks (2000s)
10,996
4.41
Sports
Sep 9, 2016
100 Greatest NHL Players of All Time
6,261
4.64
Sports
Jan 27, 2017
Go to Creator's Profile
Score Distribution
Quiz Creator Spotlight
justin0838
Follow
Send a Message
Quizzes Created
-
Created Quiz Play Count
-
More By This Creator
Popular Quizzes Today
1
Colored Red Africa Blitz
2
Find the US States - No Outlines Minefield
3
Find the 'City' Movie
4
5x2 Blitz: Bands
5
The Countries of the World
6
Find the US States
7
Find the Countries of Europe - No Outlines Minefield
8
US States
More Sports Quizzes
Big 4 'Sporcle' Teams
Published
Trending Quizzes
Colored Red Europe Blitz I
Colored Red Europe Blitz II
Colored Red Africa Blitz II
Colored Red Europe Blitz III
Colored Red Africa Blitz III
Recently Updated
How Do You Spell That?
pecheneg
Godzilla Movies
pecheneg
Grab Bag: 4-10 Letters
pecheneg
2024 March Madness Bracket
pecheneg
Famous TV Couples
Peacemaker
Champions League XIs: Real Madrid
pecheneg
Largest US Cities 1790-2010
pecheneg
Rides in Walt Disney World
pecheneg
Most Oscar Losses (Acting)
pecheneg
Beyoncé Albums
pecheneg
Trending Topics
NBA
Marvel
Crossword
Harry Potter
Disney
Kpop
Anime
Country
Puzzle
WWE
The Office
Song
Soccer
NFL
Pokémon
Your Account Isn't Verified!
In order to create a playlist on Sporcle, you need to verify the email address you used during registration. Go to your
Sporcle Settings
to finish the process.
Report this User
Report this user for behavior that violates our
Community Guidelines
.
Details:
Send Report
Go to the Sporcle.com Mobile Site →
Comments